Missing Word: Music & Movies (B) Quiz Stats

 Plays Quiz Updated Nov 2, 2017

Score 0/26 Timer 02:00
2 Plays Today
Hint 'B' Word % Correct
Music (Artist)Been
96.4%
Music (Artist)Ball
95.4%
Music (Artist)Beat
94.1%
Movies (Year)Back
94%
Movies (Year)Best
91.6%
Music (Artist)Babe
91.5%
Movies (Year)Bend
88.3%
Movies (Year)Bull
86.7%
Movies (Year)Baby
85.9%
Movies (Year)Born
85%
Movies (Year)Bill
83.9%
Music (Artist)Bass
81.8%
Music (Artist)Bird
80.7%
Hint 'B' Word % Correct
Music (Artist)Boom
72.3%
Movies (Year)Book
71.7%
Movies (Year)Bone
70.9%
Music (Artist)Both
70.3%
Music (Artist)Band
69.8%
Movies (Year)Boot
68.1%
Music (Artist)Boys
64.8%
Music (Artist)Baba
56.4%
Movies (Year)Bees
56.4%
Music (Artist)Blue
41.6%
Movies (Year)Barb
40.6%
Music (Artist)Blow
36.7%
Movies (Year)Body
20.9%

Today's Daily Dose

You're not logged in!

Compare scores with friends on all Sporcle quizzes.
OR
Log In

Show Comments

Extras

Top Quizzes Today


Score Distribution

Your Account Isn't Verified!

In order to create a playlist on Sporcle, you need to verify the email address you used during registration. Go to your Sporcle Settings to finish the process.

Report this User

Report this user for behavior that violates our Community Guidelines.

Details: